| 000 | 00970nam a2200313 a 4500 | ||
|---|---|---|---|
| 001 | 000003508 | ||
| 003 | DO-SdPM | ||
| 005 | 20250917113952.0 | ||
| 007 | ta | ||
| 008 | 090709s2007 dr 001 f spa d | ||
| 020 | _a9789945408072 | ||
| 040 |
_aDO-SdPM _bspa _cBPMSU _erda |
||
| 082 | 4 |
_aRD863.5 _bC527c, 2007 _222 |
|
| 100 | 1 |
_aChevalier, Nan _d1965- _eautor |
|
| 245 | 1 | 0 |
_aCiudad de mis ruinas / _cNan Chevalier. |
| 264 |
_aSanto Domingo : _bArgos, _c2007 |
||
| 300 |
_a221 páginas ; _c22 cm. |
||
| 336 |
_atexto _btxt _2rdacontent |
||
| 337 |
_asin mediación _bn _2rdamedia |
||
| 338 |
_avolumen _bnc _2rdacarrier |
||
| 500 | _aIncluye datos biográficos del autor en la solapa de la cubierta | ||
| 590 | _aInvetaridando, 2025/VM | ||
| 650 | 7 | _aNovela dominicana | |
| 650 | 7 | _aLiteratura dominicana | |
| 910 | _aVMateo V. Control de calidad BPMSU | ||
| 942 |
_2ddc _cBK |
||
| 945 | _aInventariado, 2017/MFF | ||
| 956 |
_aVMATEO _b10 _c20150922 _lBPMSU _h0069 |
||
| 999 |
_c7167 _d7167 |
||